| 000 | 01114cam a22003017a 4500 | ||
|---|---|---|---|
| 003 | CHAP | ||
| 005 | 20220329142402.0 | ||
| 008 | 001024d1994 mx r 00110 spa d | ||
| 010 | _a82720 | ||
| 011 | _a83692 | ||
| 035 | _a94207 | ||
| 040 | _cCHAP | ||
| 090 | _aFolleto 15592 | ||
| 110 | 1 |
_aProcuraduría Agraria. _bDirección de Comunicación Social. México _991846 |
|
| 245 | 1 | 0 |
_aRecomendaciones para mejorar la elaboración del diagnóstico ejidal _c/por Procuraduría Agraria. Dirección de Comunicación Social |
| 260 |
_aMéxico, D.F. : _bPrograma de Certificación de Derechos Ejidales y Titulación de Solares Urbanos, _c1994 |
||
| 300 | _a28 p. | ||
| 590 |
_aBATCH-UPD _b10 _c20130110 _lUCH01 _h1827 |
||
| 590 |
_aBATCH-UPD _b10 _c20130410 _lUCH01 _h1200 |
||
| 590 |
_aBATCH-UPD _b10 _c20130914 _lUCH01 _h1254 |
||
| 590 |
_aCONVERSION _b10 _c20130109 _lUCH01 _h1346 |
||
| 650 | 0 | 4 |
_aEjidos _zMéxico. _936039 |
| 901 | _aBK | ||
| 905 | _aMarco A. Mendoza t. | ||
| 942 | _cFOLL | ||
| 949 |
_aFolleto 15592 _bBC _cFOLL _d942071 _eTS1 _i94207 _sb |
||
| 949 |
_aFolleto 15592 _bBC _cFOLL _d942072 _eTS2 _fc.2 _i94207 _sb |
||
| 999 |
_c82720 _d82720 |
||